000 00813nam a2200265Ia 4500
003 OSt
005 20220927105319.0
006 a|||||r|||| 00| 0
007 ta
008 220926b |||||||| |||| 00| 0 eng d
020 _a9789211541786
024 _a174059
037 _cReference Collections
040 _aRTL
_cRTL
_beng
041 _2eng
_aeng
082 _a"Y9(W:5):3(Z1,3), P7"
110 _aUNITERD NATIONS HIGH COMMISSIONER FOR HUMAN RIGHTS
_9371616
245 0 _aNew core International human rights treaties
260 _aNew
_bYork UNITED NATIONS
_c2007
300 _a66p
_ccm.
650 _aHUMAN RIGHTS
_9371617
700 _aUNITERD NATIONS HIGH COMMISSIONER FOR HUMAN RIGHTS
_9371618
942 _h"Y9(W:5):3(Z1,3), P7"
_cCC
999 _c691761
_d691761